| 000 | 01103nam0a22002651 4500 | ||
|---|---|---|---|
| 001 | rc\644607 | ||
| 005 | 20260409064827.0 | ||
| 035 | _a(NLR Aleph) 005885419 | ||
| 090 |
_a6121885 _c6121885 |
||
| 100 | _a20031121d1986 |||y0rusy50 ca | ||
| 101 | 0 | _arus | |
| 102 | _aRU | ||
| 105 | _aa ||||||||| | ||
| 200 | 1 |
_aПрогрессивные методы обработки деталей летательных аппаратов и двигателей _eМежвуз. сб. _fКазан. авиац. ин-т им. А.Н. Туполева _g[Редкол.: Ф.С. Юнусов (отв. ред.) и др.] |
|
| 210 |
_aКазань _cКАИ _d1986 |
||
| 215 |
_a99, VII, [2] с. _cил. _d22 |
||
| 320 | _aБиблиогр. в конце ст. | ||
| 702 | 1 |
_aЮнусов _bФ.С. _gФайзрахман Салахович _4340 |
|
| 712 | 0 | 2 |
_4475 _aКазанский авиационный институт им. А. Н. Туполева _3RU\NLR\AUTH\880623550 _92655918 |
| 801 | 0 |
_aRU _bNLR _gpsbo |
|
| 801 | 1 |
_aRU _bELAR _2rusmarc |
|
| 852 |
_aNLR _j86-5/7056 |
||
| 942 | _cBOOK | ||
| 980 | _aNB | ||